The politics of Formosan nationalism /

Bibliographic Details
Main Author: Mendel, Douglas Heusted, 1921-1978
Format: Book
Language:English
Published: Berkeley : University of California Press, 1970.
Subjects:

MARC

Tag First Indicator Second Indicator Subfields
LEADER 00000cam a2200000 4500
001 in00000244530
005 20151010050547.0
008 700324s1970 caub b 00110 eng
010 |a  78094982  
020 |a 0520015576  |c 7.95 
035 |a (OCoLC)00064322 
035 |9 ABB0446AM 
040 |a DLC  |c DLC  |d TXA  |d UtOrBLW 
049 |a TXAM  |c [432950] 
050 0 0 |a DS895.F75  |b M4 
082 0 |a 320.9/512/49 
100 1 |a Mendel, Douglas Heusted,  |d 1921-1978. 
245 1 4 |a The politics of Formosan nationalism /  |c [by] Douglas Mendel. 
264 1 |a Berkeley :  |b University of California Press,  |c 1970. 
300 |a 315 pages :  |b map. ;  |c 25 cm. 
336 |a text  |b txt  |2 rdacontent 
337 |a unmediated  |b n  |2 rdamedia 
338 |a volume  |b nc  |2 rdacarrier 
504 |a Bibliographical references included in "Notes" (pages [261]-306). 
651 0 |a Taiwan  |x Politics and government. 
999 |a MARS 
999 f f |s 759bb394-1aa5-38ea-8205-dd8922894a5f  |i 37a14fe6-0d0f-3981-9bfe-6873cbba4f35  |t 0 
952 f f |p ric  |a Texas A&M University  |b Rellis Campus  |c Joint Library Facility  |d Remote Storage  |t 0  |e DS895.F75 M4  |h Library of Congress classification  |i unmediated -- volume  |m A14802080477 
998 f f |a DS895.F75 M4  |t 0  |l Remote Storage